| 000 | 00615nam a2200229Ia 4500 | ||
|---|---|---|---|
| 003 | OSt | ||
| 005 | 20220928114908.0 | ||
| 006 | a|||||r|||| 00| 0 | ||
| 007 | ta | ||
| 008 | 220927b |||||||| |||| 00| 0 eng d | ||
| 024 | _a79949 | ||
| 037 | _cTextual | ||
| 040 |
_aSDCL _cSDCL _beng |
||
| 041 |
_2eng _aeng |
||
| 082 | _aO-,3N5:g, H1 | ||
| 100 |
_aBeach Joseph Warren _9421931 |
||
| 245 | 0 | _aAmerican fiction 1920 - 1940. | |
| 260 |
_aNew York _b Russell and Russell _c1941 |
||
| 300 |
_ax,371p _ccm. |
||
| 942 |
_hO-,3N5:g, H1 _cTEXL _2CC |
||
| 999 |
_c757503 _d757503 |
||